[Event "GER-ch U10"]
[Site "Willingen"]
[Date "2008.05.11"]
[Round "5"]
[White "Myagkov, Kirill"]
[Black "Wenzke, Tim"]
[Result "1-0"]
[WhiteElo "1582"]
[BlackElo "1129"]
[PlyCount "35"]
[EventDate "2008.05.11"]
[EventType "swiss"]
[EventRounds "11"]
[EventCountry "GER"]
[SourceTitle "CBM 124 Extra"]
[Source "ChessBase"]
[SourceDate "2008.07.03"]
[SourceVersion "1"]
[SourceVersionDate "2008.07.03"]
[SourceQuality "1"]

1. e4 c5 2. Nf3 d6 3. d4 Nc6 4. dxc5 Qa5+ 5. Nc3 Qxc5 6. Be3 Qb4 7. Bd3 Qxb2 8. Nd5 Kd8 9. Ng5 Nh6 10. 0-0 e6 11. Nf4 Qe5 12. Qd2 f6 13. Nf3 g5 14. Nxe5 Nxe5 15. Ne2 Nc6 16. Bb5 Ne7 17. Qxd6+ Bd7 18. Qxd7# 1-0

[Event "GER North-chT U16"]
[Site "Magdeburg"]
[Date "2006.08.28"]
[Round "5.4"]
[White "Wenzke, Tim"]
[Black "Mauser, Tassilo Tino"]
[Result "1-0"]
[WhiteElo "1013"]
[BlackElo "857"]
[PlyCount "83"]
[EventDate "2006.08.26"]
[EventType "team"]
[EventRounds "7"]
[EventCountry "GER"]
[SourceTitle "EXT 2007"]
[Source "ChessBase"]
[SourceDate "2006.11.23"]
[SourceVersion "1"]
[SourceVersionDate "2006.11.23"]
[SourceQuality "1"]

1. d4 d5 2. Nc3 Nf6 3. Bf4 a6 4. Nf3 Bf5 5. e3 e6 6. Bd3 Bg6 7. Ne5 Nc6 8. 0-0 Bd6 9. Re1 Ne4 10. Nxe4 Bxe4 11. Nxc6 bxc6 12. Bxe4 dxe4 13. Qg4 Rg8 14. c3 Bxf4 15. Qxf4 Qf6 16. Qxe4 Kf8 17. Qxc6 Ra7 18. Qd7 Qe7 19. Qc6 g6 20. c4 Kg7 21. Rad1 h6 22. e4 h5 23. Qa4 Rb7 24. b3 Ra7 25. Qa5 Kh6 26. Qe5 a5 27. d5 Raa8 28. d6 cxd6 29. Rxd6 Rad8 30. Red1 Rxd6 31. Rxd6 Rd8 32. c5 Rb8 33. c6 a4 34. g3 axb3 35. axb3 Rxb3 36. Qd4 Rb1+ 37. Kg2 Rc1 38. Qd2+ Qg5 39. f4 Qc5 40. f5+ g5 41. fxe6 fxe6 42. Rxe6+ 1-0